000 00239nam a2200085Ia 4500
245 0 _aThe business devotional
100 _a Martin, Lillian Hayes New York, [c.2009]
_986304
942 _cBK
008 210817s9999 xx 000 0 und d
999 _c328968
_d328967